000 01091cam a22003495a 4500
001 015969124
003 Uk
005 20160918133855.0
008 111111r20132012enk frd 000 0 eng|d
015 _aGBB1D1185
_2bnb
016 7 _a015969124
_2Uk
020 _a9780199696321 (pbk.)
020 _a0199696322 (pbk.)
040 _aStDuBDS
_beng
_cStDuBDS
_dEG-ScBUE
042 _aukscp
082 0 4 _222
_a330.03
_bDIC
245 0 2 _aA dictionary of economics.
_c[edited by] John Black, Nigar Hashimzade, Gareth Myles.
246 1 4 _aOxford dictionary of economics
250 _a4th ed.
260 _aOxford :
_bOxford University Press,
_c2013.
300 _a464 p. ;
_c20 cm.
490 0 _aOxford paperback reference
500 _aReprinted of the 2012 ed.
650 7 _aEconomics
_vDictionaries
_2BUEsh
_914371
651 _2BUEsh
653 _bHHUUEENN
_cSeptember2016
653 _bBUSECO
_cSeptember2016
700 1 _aBlack, John,
_d1931-
_919519
700 1 _aHashimzade, Nigar.
_941107
700 1 _aMyles, Gareth D.
_941108
942 _2ddc
_e22
_k330.03 DIC
999 _c22358
_d22330